000 00556nam a2200193Ia 4500
003 OSt
005 20200214095938.0
008 190216s9999||||xx |||||||||||||| ||und||
020 _a9789382934325
040 _coclc
082 _a297.1
_bNAI/A
100 _aNair, Kavalam Govindankutty
_91968
245 0 _aArabikkathakal /
_c Kavalam Govindankutty Nair
250 _a1st ed.
260 _bOlive Publications,
_c2013.
_aKozhikode:
300 _a49p
650 _aIslamic History
942 _cBK
_2ddc
_h297.1
_iNAI/A
_k297.1
_mNAI/A
999 _c23074
_d23074